Red Dead Redemption Cities and Towns - Statistics

General Stats
  • This quiz has been taken 691 times
  • The average score is 11 of 15
Answers on the Map
Answers color-coded by a green-red scale on the quiz's map according to % correct below.
 
Answer Stats
Region City/Town % Correct
Great Plains Blackwater
96%
Bayou Nwa Saint Denis
96%
The Heartlands Valentine
96%
Big Valley Strawberry
93%
Scarlett Meadows Rhodes
89%
Cholla Springs Armadillo
86%
Roanoke Ridge Annesburg
84%
Roanoke Ridge {Van Horn} Trading Post
83%
Gaptooth Ridge Tumbleweed
79%
West Grizzlies Colter
73%
Hennigan's Stead {Thieves'} Landing
69%
Bayou Nwa Lagras
59%
Hennigan's Stead {Macfarlane's} Ranch
49%
Perdido Chuparosa
26%
Punta Orgullo Escalera
25%
No matching quizzes found
Score Distribution
Percent of People with Each Score
Percentile by Number Answered
Your Score History
You have not taken this quiz